[Event "Wuerttemberg-ch KT"]
[Site "Stuttgart"]
[Date "2017.08.31"]
[Round "6"]
[White "Muschkowski, Juergen"]
[Black "Klaiss, Thomas"]
[Result "1/2-1/2"]
[WhiteElo "2091"]
[BlackElo "1995"]
[PlyCount "35"]
[EventDate "2017.08.26"]
[EventType "swiss"]
[EventRounds "7"]
[EventCountry "GER"]
[SourceTitle "EXT 2019"]
[Source "ChessBase"]
[SourceDate "2018.10.10"]
[SourceVersion "1"]
[SourceVersionDate "2018.10.10"]
[SourceQuality "1"]

1. g3 e5 2. Bg2 Nf6 3. c4 a6 4. Nf3 Nc6 5. Nc3 Bc5 6. 0-0 0-0 7. d3 h6 8. e3 d6 9. a3 Ba7 10. h3 Re8 11. d4 exd4 12. Nxd4 Nxd4 13. exd4 Rb8 14. a4 b6 15. Be3 c5 16. Kh2 Bf5 17. g4 Bg6 18. d5 1/2-1/2

[Event "Wuerttemberg-ch KT"]
[Site "Stuttgart"]
[Date "2017.08.30"]
[Round "5"]
[White "Doering, Stefan"]
[Black "Muschkowski, Juergen"]
[Result "0-1"]
[WhiteElo "1931"]
[BlackElo "2091"]
[PlyCount "88"]
[EventDate "2017.08.26"]
[EventType "swiss"]
[EventRounds "7"]
[EventCountry "GER"]
[SourceTitle "EXT 2019"]
[Source "ChessBase"]
[SourceDate "2018.10.10"]
[SourceVersion "1"]
[SourceVersionDate "2018.10.10"]
[SourceQuality "1"]

1. e4 g6 2. d4 d6 3. Bc4 Bg7 4. Nf3 e6 5. Bb3 Nd7 6. 0-0 Ne7 7. Nbd2 0-0 8. Re1 b6 9. Nf1 Bb7 10. Ng3 c5 11. c3 e5 12. h4 cxd4 13. cxd4 exd4 14. Nxd4 Nc5 15. Bc2 d5 16. e5 Ne6 17. Nxe6 fxe6 18. Bg5 Qe8 19. Bxe7 Qxe7 20. h5 Rxf2 21. Kxf2 Qc5+ 22. Re3 Bh6 23. Nf1 Rf8+ 24. Ke2 Rxf1 25. Kxf1 Qxe3 26. Qd3 Qf4+ 27. Kg1 Qxe5 28. Qf3 Be3+ 29. Kh1 d4 30. Qg4 Qxh5+ 31. Qxh5 gxh5 32. Bd3 Kf7 33. Bxh7 Ba6 34. Re1 Kf6 35. Be4 Ke5 36. Bf3 h4 37. Kh2 Kf4 38. Kh3 e5 39. a4 e4 40. Bg4 Bd2 41. Rd1 e3 42. Kxh4 Ke5 43. Bf3 d3 44. g4 e2 0-1

[Event "Wuerttemberg-ch KT"]
[Site "Stuttgart"]
[Date "2017.08.27"]
[Round "2"]
[White "Muschkowski, Juergen"]
[Black "Meinhardt, Alexander"]
[Result "1-0"]
[WhiteElo "2091"]
[BlackElo "1624"]
[PlyCount "81"]
[EventDate "2017.08.26"]
[EventType "swiss"]
[EventRounds "7"]
[EventCountry "GER"]
[SourceTitle "EXT 2019"]
[Source "ChessBase"]
[SourceDate "2018.10.10"]
[SourceVersion "1"]
[SourceVersionDate "2018.10.10"]
[SourceQuality "1"]

1. d4 Nf6 2. Nf3 e6 3. e3 Be7 4. Bd3 d5 5. Nbd2 Nbd7 6. 0-0 c5 7. b3 b6 8. Bb2 Bb7 9. Ne5 Nxe5 10. dxe5 Nd7 11. f4 Qc7 12. Qe2 a6 13. e4 d4 14. c3 dxc3 15. Bxc3 b5 16. a4 b4 17. Bb2 a5 18. f5 0-0-0 19. Nc4 h5 20. fxe6 fxe6 21. Rf7 Bf8 22. Raf1 g5 23. Bc1 g4 24. Bg5 Re8 25. Rd1 Bc6 26. Nd6+ Bxd6 27. exd6 Qb6 28. Bc4 Rhg8 29. Re7 Ref8 30. Bh6 Rf6 31. Rxe6 Rfg6 32. Rxg6 Rxg6 33. Bf4 Nf8 34. e5 Ne6 35. Bxe6+ Rxe6 36. Qc4 Kd7 37. Rc1 Qb7 38. Qxc5 Qa8 39. Qc2 Qa6 40. Qh7+ Kc8 41. Qc7# 1-0

[Event "Wuerttemberg-ch KT"]
[Site "Stuttgart"]
[Date "2016.09.02"]
[Round "7"]
[White "Baars, Mario"]
[Black "Muschkowski, Juergen"]
[Result "1/2-1/2"]
[WhiteElo "1741"]
[BlackElo "2090"]
[PlyCount "47"]
[EventDate "2016.08.27"]
[EventType "swiss"]
[EventRounds "9"]
[EventCountry "GER"]
[SourceTitle "EXT 2017"]
[Source "ChessBase"]
[SourceDate "2016.10.25"]
[SourceVersion "1"]
[SourceVersionDate "2016.10.25"]
[SourceQuality "1"]

1. e4 g6 2. d4 Bg7 3. Nc3 d6 4. f4 e6 5. Nf3 a6 6. Bd3 Ne7 7. Be3 h6 8. 0-0 0-0 9. Qd2 Kh7 10. Ne2 f5 11. Ng3 Nd7 12. c3 Nf6 13. Qc2 b6 14. Nh4 d5 15. exf5 exf5 16. Nf3 Ne4 17. Ne5 Be6 18. Qe2 a5 19. Rac1 Ng8 20. c4 Ngf6 21. Bxe4 Nxe4 22. Nxe4 fxe4 23. c5 h5 24. cxb6 1/2-1/2

[Event "Wuerttemberg-ch KT"]
[Site "Stuttgart"]
[Date "2016.08.28"]
[Round "2"]
[White "Muschkowski, Juergen"]
[Black "Kasueschke, Lars"]
[Result "1-0"]
[WhiteElo "2090"]
[BlackElo "1941"]
[PlyCount "51"]
[EventDate "2016.08.27"]
[EventType "swiss"]
[EventRounds "9"]
[EventCountry "GER"]
[SourceTitle "EXT 2017"]
[Source "ChessBase"]
[SourceDate "2016.10.25"]
[SourceVersion "1"]
[SourceVersionDate "2016.10.25"]
[SourceQuality "1"]

1. d4 Nf6 2. Nf3 d5 3. Bf4 c5 4. e3 Nc6 5. c3 Bf5 6. Be2 e6 7. Nbd2 Be7 8. Ne5 0-0 9. g4 Be4 10. f3 Bg6 11. Nxg6 fxg6 12. Bg3 Nd7 13. f4 g5 14. f5 exf5 15. gxf5 cxd4 16. exd4 g4 17. Qb3 Rc8 18. 0-0-0 Nf6 19. Be5 Re8 20. h3 gxh3 21. Rxh3 Qb6 22. Qxb6 axb6 23. Bf3 Red8 24. Rdh1 Nd7 25. Bxd5+ Kf8 26. Rxh7 1-0

[Event "Wuerttemberg-ch KT"]
[Site "Stuttgart"]
[Date "2016.08.27"]
[Round "1"]
[White "Ruff, Robert"]
[Black "Muschkowski, Juergen"]
[Result "0-1"]
[WhiteElo "1864"]
[BlackElo "2090"]
[PlyCount "96"]
[EventDate "2016.08.27"]
[EventType "swiss"]
[EventRounds "9"]
[EventCountry "GER"]
[SourceTitle "EXT 2017"]
[Source "ChessBase"]
[SourceDate "2016.10.25"]
[SourceVersion "1"]
[SourceVersionDate "2016.10.25"]
[SourceQuality "1"]

1. d4 g6 2. c4 Bg7 3. Nc3 c5 4. d5 Bxc3+ 5. bxc3 f5 6. Nf3 d6 7. e3 Qa5 8. Bb2 Nf6 9. Be2 Ne4 10. Qc2 Nd7 11. 0-0 Ndf6 12. Nd2 Nxd2 13. Qxd2 Bd7 14. a4 0-0-0 15. f3 e5 16. Rfb1 Rde8 17. Bc1 e4 18. f4 h6 19. Rb3 Re7 20. Qb2 Be8 21. Bd2 Qc7 22. a5 g5 23. Rf1 Rg7 24. a6 b6 25. Kh1 gxf4 26. Rxf4 Rhg8 27. Rf2 Nd7 28. Qa1 Ne5 29. Rb1 Bd7 30. Rbf1 Qd8 31. Be1 Qg5 32. Qc1 h5 33. Rg1 Ng6 34. Rff1 h4 35. h3 Qh6 36. Kh2 Rh8 37. Bf2 Ne5 38. Be1 Ng4+ 39. hxg4 fxg4 40. Rh1 g3+ 41. Kg1 h3 42. Rf4 h2+ 43. Kf1 Bh3 44. Bg4+ Rxg4 45. Rxg4 Bxg2+ 46. Ke2 Qh5 47. Bxg3 Qxg4+ 48. Kd2 Qxg3 0-1

[Event "Wuerttemberg-ch MT"]
[Site "Bisingen"]
[Date "2013.08.31"]
[Round "1"]
[White "Muschkowski, Juergen"]
[Black "Schmidt, Martin5"]
[Result "0-1"]
[WhiteElo "2116"]
[BlackElo "2053"]
[PlyCount "58"]
[EventDate "2013.08.31"]
[EventType "swiss"]
[EventRounds "9"]
[EventCountry "GER"]
[SourceTitle "EXT 2017"]
[Source "ChessBase"]
[SourceDate "2016.10.25"]
[SourceVersion "1"]
[SourceVersionDate "2016.10.25"]
[SourceQuality "1"]

1. d4 Nf6 2. e3 e6 3. Bd3 b6 4. Qf3 d5 5. Nd2 Bb7 6. e4 Be7 7. e5 Nfd7 8. Qg3 0-0 9. Ndf3 f5 10. exf6 Bxf6 11. Nh3 e5 12. Bxh7+ Kxh7 13. Nhg5+ Bxg5 14. Nxg5+ Kg8 15. Qh3 Nf6 16. Qe6+ Kh8 17. Qh3+ Kg8 18. dxe5 Qe7 19. 0-0 Qxe5 20. Bd2 Bc8 21. Qh4 Qf5 22. f3 Nc6 23. Qa4 Bd7 24. g4 Qe5 25. c3 Na5 26. Qc2 Nc4 27. Rae1 Qd6 28. Bc1 Rae8 29. b3 Qc5+ 0-1